000 00885cam a2200181 4500
001 L136294
008 070123n 000 0 eng u
035 _a(Sirsi) u136294
041 0 _aeng
110 2 _aNational Energy Foundation
_91196
245 0 0 _aGreenEnergy website
_h[electronic resource]
520 _aProvides information on renewable energy technologies. Includes links to information on the National Energy Foundation's current projects, and the services they offer from training courses to education programmes including school visits. Gives information about relevant upcoming events and links to various related sites.
590 _aKA
651 4 _aUnited Kingdom
_y
690 _aENVIRONMENTAL AND LAND CONSULTANCY-ENERGY-RENEWABLE ENERGY
856 4 0 _uhttps://www.nef.org.uk/greenenergy/index.htm
_zView the website free of charge at www.nef.org.uk...
942 _n0
999 _c120566
_d120566